000 01697cam a22004214i 4500
003 PE-LiUPU
005 20250731184109.0
008 150625s r 000 0 d
020 _a9685618119
035 _a(Sirsi) i9789685618113
040 _aPE-LiUPU
_bspa
_cPE-LiUPU
_erda
049 _aPRUA
082 0 4 _a808.815
_bP83
_221
100 1 _aDel Pozo Moras, Luis Alberto,
_eautor.
245 1 0 _aSalmos del amanecer /
_cLuis Alberto del Pozo Moras.
264 1 _aMontemorelos NL :
_bUniversidad de Montemorelos,
_c2005.
300 _a126 páginas :
_bilustraciones, figuras ;
_c21 centímetros
336 _atext
_2rdacontent
337 _aunmediated
_2rdamedia
338 _avolume
_2rdacarrier
490 0 _aCreación y expresión
505 0 _aPoesías de los salmos.
526 _aP145
526 _aP127
526 _aP97
526 _aP14
526 _aP07
650 0 4 _aPoesías religiosas.
942 _2ddc
_cBOOK
949 _a808.815 P83
_wDEWEY
_c1
_i55317
_lCCODEBUL1
_mBUL
_r0
_sY
_tBOOK
_u2015-6-25
_xTEOLOGIA
_zUNKNOWN
_0COMPRA
_o.STAFF. Colección General
949 _a808.815 P83
_wDEWEY
_c2
_i56684
_lCCODEBUL1
_mBUL
_r0
_sY
_tBOOK
_u2015-6-25
_xTEOLOGIA
_zUNKNOWN
_0COMPRA
_o.STAFF. Colección General
994 _aC0
_bPEPRU
596 _a1
999 _a808.815 P83
_wDEWEY
_c44227
_i55317
_f2021-11-11
_g5
_lCCODEBUL1
_mBUL
_r0
_sY
_tBOOK
_u2015-6-25
_xTEOLOGIA
_zUNKNOWN
_0COMPRA
_o.STAFF. Colección General
_d44227
999 _a808.815 P83
_wDEWEY
_c2
_i56684
_f2021-11-11
_g5
_lCCODEBUL1
_mBUL
_r0
_sY
_tBOOK
_u2015-6-25
_xTEOLOGIA
_zUNKNOWN
_0COMPRA
_o.STAFF. Colección General
980 _81
_gALBERTO SANCHEZ Responsable de Automatización